Villes des Yvelines en images - Statistiques

Statistiques générales
  • Ce quiz a été pris 249 fois
  • Le résultat moyen est 9 sur 18
Statistiques - réponses
Par images Hint Réponse % Correct
V Versailles
100%
S {Saint}-{Quentin}-en-Yvelines
83%
S Saint-Germain-en-Laye
73%
M Les {Mureaux}
71%
R Rambouillet
59%
C {Clairefontaine}-en-Yvelines
58%
H Houilles
56%
M Mantes-la-Jolie
55%
P Poissy
55%
V Vélizy-Villacoublay
55%
S Saint-Cyr-l'École
51%
S Sartrouville
43%
C Conflans-Sainte-Honorine
42%
V {Verneuil}-sur-Seine
36%
C Chatou
29%
H Houdan
29%
R {Rosny}-sur-Seine
29%
N Neauphle-le-Château
10%
Aucun quiz correspondant
Distribution des résultats
% des personnes avec chaque résultat
Percentile par nombre de réponses
Votre historique - résultats
Vous n’avez pas pris ce quiz